00281nam a22000977a 4500082001500000100001800015245003900033260005400072300000900126490004800135 a541.36 SKI aSkinner, H.A. aModern Aspects of Thermochemistry/ aLondon:bThe Royal Institute of Chemistry,c1958. a52p; aLectures Monographs and reports, 1958 No.3